logo

Bir Sreshtho Munshi Abdur Rouf Library
Jhenaidah Cadet College

Foreign policy of Bangladesh : (Record no. 7770)

MARC details
000 -LEADER
fixed length control field 00772nam a2200265 a 4500
001 - CONTROL NUMBER
JCCL Control Number 7770
003 - CONTROL NUMBER IDENTIFIER
JCCL marc code BD-JhCC
005 - DATE AND TIME OF LATEST TRANSACTION
control field 20180418170721.0
008 - FIXED-LENGTH DATA ELEMENTS--GENERAL INFORMATION
fixed length control field 951018s1994 ii b 001 0 eng d
020 ## - INTERNATIONAL STANDARD BOOK NUMBER
Cancelled/invalid ISBN Rs395.00
-- 812412384
035 ## - SYSTEM CONTROL NUMBER
system control number (BD-JhCC)7770
040 ## - CATALOGING SOURCE
Original cataloging agency BD-JhCC
Modifying agency BD-JhCC
041 ## - LANGUAGE CODE
Language code of Book eng
050 #0 - LIBRARY OF CONGRESS CALL NUMBER
Classification number DS394.7
Item number F67 1994
082 ## - DEWEY DECIMAL CLASSIFICATION NUMBER
Classification number 327.73
Author mark and Year FOR 1984
245 00 - TITLE STATEMENT
Title Foreign policy of Bangladesh :
Remainder of title a small state's imperative /
Statement of responsibility, etc edited by Emajuddin Ahamed
260 ## - PUBLICATION, DISTRIBUTION, ETC. (IMPRINT)
Place of publication, distribution, etc New Delhi :
Name of publisher, distributor, etc University Press Limited,
Date of publication, distribution, etc c1994
300 ## - PHYSICAL DESCRIPTION
Pagination 151 p. ;
Dimensions 22 cm
504 ## - BIBLIOGRAPHY, ETC. NOTE
Bibliography, etc Includes index and bibliography
650 ## - SUBJECT ADDED ENTRY--TOPICAL TERM
Topical term or geographic name as entry element Internation relations
651 #0 - SUBJECT ADDED ENTRY--GEOGRAPHIC NAME
Geographic name Bangladesh
General subdivision Foreign relations
700 1# - ADDED ENTRY--PERSONAL NAME
Personal name Ahamed, Emajuddin
942 ## - ADDED ENTRY ELEMENTS (KOHA)
Source of classification or shelving scheme Dewey Decimal Classification
Koha item type Books
Holdings
Source of classification or shelving scheme Damaged status Not for loan Home library Current library Shelving location Date of accession Total Checkouts Full call number Barcode Date last seen Copy number Koha item type
Dewey Decimal Classification     JCC Rouf Library JCC Rouf Library General Stacks 02/13/2018   327.73 FOR 1984 10321 02/13/2018 C-1 Books

JCC Library | Contacts | JCC Home

Last Update on 23 September 2017
Copyright @ 2017-2020 JCC Rouf Library
Rouf Library, Jhenidah Cadet College (JCC), Bangladesh